Autumn hearts (Record no. 55021)
[ view plain ]
| 000 -LEADER | |
|---|---|
| fixed length control field | 03729cgm a2200781Ka 4500 |
| 003 - CONTROL NUMBER IDENTIFIER | |
| control field | OCoLC |
| 005 - DATE AND TIME OF LATEST TRANSACTION | |
| control field | 20241220122206.0 |
| 007 - PHYSICAL DESCRIPTION FIXED FIELD--GENERAL INFORMATION | |
| fixed length control field | vd cvaizu |
| 008 - FIXED-LENGTH DATA ELEMENTS--GENERAL INFORMATION | |
| fixed length control field | 080424s2008 onc079 g vleng d |
| 001 - CONTROL NUMBER | |
| control field | ocn226245869 |
| 035 ## - SYSTEM CONTROL NUMBER | |
| System control number | (Sirsi) a116544 |
| 040 ## - CATALOGING SOURCE | |
| Original cataloging agency | TEFMT |
| Transcribing agency | TEFMT |
| Modifying agency | TEF |
| -- | UINTA |
| 024 1# - OTHER STANDARD IDENTIFIER | |
| Standard number or code | 014381499421 |
| 028 42 - PUBLISHER NUMBER | |
| Publisher number | CEL4994DVD |
| Source | Image Entertainment |
| 035 ## - SYSTEM CONTROL NUMBER | |
| System control number | (OCoLC)226245869 |
| 037 ## - SOURCE OF ACQUISITION | |
| Source of stock number/acquisition | Midwest Tape |
| Note | http://www.midwesttapes.com |
| 041 1# - LANGUAGE CODE | |
| Language code of text/sound track or separate title | eng |
| Language code of summary or abstract/overprinted title or subtitle | eng |
| -- | spa |
| Language code of original and/or intermediate translations of text | eng |
| 050 14 - LIBRARY OF CONGRESS CALL NUMBER | |
| Classification number | PN1995.9.M45 |
| Item number | A98866 2008 |
| 082 04 - DEWEY DECIMAL CLASSIFICATION NUMBER | |
| Classification number | 791.43/72 |
| Edition number | 22 |
| 049 ## - LOCAL HOLDINGS (OCLC) | |
| Holding library | UCLB |
| 092 ## - LOCALLY ASSIGNED DEWEY CALL NUMBER (OCLC) | |
| Classification number | 791.437 |
| 245 00 - TITLE STATEMENT | |
| Title | Autumn hearts |
| Medium | [DVD] : |
| Remainder of title | a new beginning / |
| Statement of responsibility, etc | Productions Bleu Blanc Rouge ; Triptych Media ; Arithmetic Ontario Productions ; produced by Suzanne Girard, Anna Stratton ; screenplay by Jefferson Lewis ; directed by Paolo Barzman. |
| 246 3# - VARYING FORM OF TITLE | |
| Title proper/short title | Emotional arithmetic |
| 260 ## - PUBLICATION, DISTRIBUTION, ETC. (IMPRINT) | |
| Place of publication, distribution, etc | Chatsworth, CA : |
| Name of publisher, distributor, etc | Distributed by Image Entertainment, |
| Date of publication, distribution, etc | [2008] |
| 300 ## - PHYSICAL DESCRIPTION | |
| Extent | 1 videodisc (79 min.) : |
| Other physical details | sd., col. ; |
| Dimensions | 4 3/4 in. |
| 538 ## - SYSTEM DETAILS NOTE | |
| System details note | DVD. |
| 546 ## - LANGUAGE NOTE | |
| Language note | English dialogue, Spanish subtitles; English subtitles for the deaf and hard of hearing. |
| 500 ## - GENERAL NOTE | |
| General note | Title from container. |
| 511 1# - PARTICIPANT OR PERFORMER NOTE | |
| Participant or performer note | Gabriel Byrne, Roy Dupuis, Dakota Goyo, Regan Jewitt, Alexandre Nachi, Christopher Plummer, Susan Sarandon, Max von Sydow. |
| 508 ## - CREATION/PRODUCTION CREDITS NOTE | |
| Creation/production credits note | Director of photography, Luc Montpellier ; editor, Arthur Tarnowski ; music, Normand Corbeil ; costume designer, Nicoletta Massone ; production designer, Jean-François Campeau. |
| 500 ## - GENERAL NOTE | |
| General note | Based on the novel by Matt Cohen. |
| 500 ## - GENERAL NOTE | |
| General note | Originally released as a motion picture in 2007. |
| 520 ## - SUMMARY, ETC. | |
| Summary, etc | The past has cast a long shadow over the present. A picturesque farm is where the now-married Melanie lives unhappily with her husband. When Melanie invites fellow Holocaust survivor Jakob to her home, he unexpectedly brings Christopher, whose love for Melanie has never diminished since their confinement in an internment camp. Old feelings and long-suppressed memories are stirred up and reveal a climactic, life-changing feasts. |
| 650 #0 - SUBJECT ADDED ENTRY--TOPICAL TERM | |
| Topical term or geographic name as entry element | Holocaust survivors |
| Form subdivision | Drama. |
| 9 (RLIN) | 5700187 |
| 650 #0 - SUBJECT ADDED ENTRY--TOPICAL TERM | |
| Topical term or geographic name as entry element | Married people |
| Form subdivision | Drama. |
| 9 (RLIN) | 5681961 |
| 650 #0 - SUBJECT ADDED ENTRY--TOPICAL TERM | |
| Topical term or geographic name as entry element | Holocaust, Jewish (1939-1945) |
| Form subdivision | Drama. |
| 9 (RLIN) | 6496739 |
| 650 #0 - SUBJECT ADDED ENTRY--TOPICAL TERM | |
| Topical term or geographic name as entry element | Concentration camps |
| Form subdivision | Drama. |
| 9 (RLIN) | 5711475 |
| 650 #7 - SUBJECT ADDED ENTRY--TOPICAL TERM | |
| Topical term or geographic name as entry element | Holocausto judío (1939-1945) |
| Form subdivision | Teatro. |
| Source of heading or term | bidex |
| 9 (RLIN) | 6509023 |
| 650 #7 - SUBJECT ADDED ENTRY--TOPICAL TERM | |
| Topical term or geographic name as entry element | Campos de concentración |
| Form subdivision | Teatro. |
| Source of heading or term | bidex |
| 9 (RLIN) | 6509024 |
| 650 #7 - SUBJECT ADDED ENTRY--TOPICAL TERM | |
| Topical term or geographic name as entry element | Holocaust survivors |
| Form subdivision | Drama. |
| Source of heading or term | sears |
| 9 (RLIN) | 5700187 |
| 650 #7 - SUBJECT ADDED ENTRY--TOPICAL TERM | |
| Topical term or geographic name as entry element | Married people |
| Form subdivision | Drama. |
| Source of heading or term | sears |
| 9 (RLIN) | 5681961 |
| 650 #7 - SUBJECT ADDED ENTRY--TOPICAL TERM | |
| Topical term or geographic name as entry element | Holocaust, 1933-1945 |
| Form subdivision | Drama. |
| Source of heading or term | sears |
| 9 (RLIN) | 6509025 |
| 650 #7 - SUBJECT ADDED ENTRY--TOPICAL TERM | |
| Topical term or geographic name as entry element | Concentration camps |
| Form subdivision | Drama. |
| Source of heading or term | sears |
| 9 (RLIN) | 5711475 |
| 655 #0 - INDEX TERM--GENRE/FORM | |
| Genre/form data or focus term | Feature films. |
| 9 (RLIN) | 6184595 |
| 655 #0 - INDEX TERM--GENRE/FORM | |
| Genre/form data or focus term | Melodrama. |
| 9 (RLIN) | 6184596 |
| 655 #0 - INDEX TERM--GENRE/FORM | |
| Genre/form data or focus term | Video recordings for the hearing impaired. |
| 9 (RLIN) | 6184597 |
| 655 #0 - INDEX TERM--GENRE/FORM | |
| Genre/form data or focus term | Melodrama |
| Form subdivision | Feature. |
| 9 (RLIN) | 5675363 |
| 700 1# - ADDED ENTRY--PERSONAL NAME | |
| Personal name | Girard, Suzanne. |
| 9 (RLIN) | 6184598 |
| 700 1# - ADDED ENTRY--PERSONAL NAME | |
| Personal name | Stratton, Anna. |
| 9 (RLIN) | 65118 |
| 700 1# - ADDED ENTRY--PERSONAL NAME | |
| Personal name | Lewis, Jefferson, |
| Dates associated with a name | 1951- |
| 9 (RLIN) | 18609 |
| 700 1# - ADDED ENTRY--PERSONAL NAME | |
| Personal name | Barzman, Paolo. |
| 9 (RLIN) | 6184599 |
| 700 1# - ADDED ENTRY--PERSONAL NAME | |
| Personal name | Byrne, Gabriel, |
| Dates associated with a name | 1950- |
| 9 (RLIN) | 37083 |
| 700 1# - ADDED ENTRY--PERSONAL NAME | |
| Personal name | Dupuis, Roy, |
| Dates associated with a name | 1963- |
| 9 (RLIN) | 71010 |
| 700 1# - ADDED ENTRY--PERSONAL NAME | |
| Personal name | Goyo, Dakota. |
| 9 (RLIN) | 6182401 |
| 700 1# - ADDED ENTRY--PERSONAL NAME | |
| Personal name | Jewitt, Regan. |
| 9 (RLIN) | 6184600 |
| 700 1# - ADDED ENTRY--PERSONAL NAME | |
| Personal name | Nachi, Alexandre. |
| 9 (RLIN) | 6184601 |
| 700 1# - ADDED ENTRY--PERSONAL NAME | |
| Personal name | Plummer, Christopher. |
| 9 (RLIN) | 14089 |
| 700 1# - ADDED ENTRY--PERSONAL NAME | |
| Personal name | Sarandon, Susan, |
| Dates associated with a name | 1946- |
| 9 (RLIN) | 23755 |
| 700 1# - ADDED ENTRY--PERSONAL NAME | |
| Personal name | Sydow, Max von, |
| Dates associated with a name | 1929- |
| 9 (RLIN) | 26689 |
| 700 1# - ADDED ENTRY--PERSONAL NAME | |
| Personal name | Cohen, Matt. |
| Title of a work | Emotional arithmetic. |
| 9 (RLIN) | 6184602 |
| 710 2# - ADDED ENTRY--CORPORATE NAME | |
| Corporate name or jurisdiction name as entry element | Productions Bleu Blanc Rouge (Firm) |
| 9 (RLIN) | 6184603 |
| 710 2# - ADDED ENTRY--CORPORATE NAME | |
| Corporate name or jurisdiction name as entry element | Triptych Media, Inc. |
| 9 (RLIN) | 71584 |
| 710 2# - ADDED ENTRY--CORPORATE NAME | |
| Corporate name or jurisdiction name as entry element | Arithmetic Ontario Productions (Firm) |
| 9 (RLIN) | 6184604 |
| 710 2# - ADDED ENTRY--CORPORATE NAME | |
| Corporate name or jurisdiction name as entry element | Image Entertainment (Firm) |
| 9 (RLIN) | 61178 |
| 942 ## - ADDED ENTRY ELEMENTS (KOHA) | |
| Koha item type | DVD |
| 994 ## - | |
| -- | C0 |
| -- | UINTA |
| 998 ## - LOCAL CONTROL INFORMATION (RLIN) | |
| -- | a116544 |
| Withdrawn status | Lost status | Source of classification or shelving scheme | Damaged status | Not for loan | Collection code | Home library | Current library | Shelving location | Date acquired | Source of acquisition | Cost, normal purchase price | Total Checkouts | Total Renewals | Full call number | Barcode | Date last seen | Date checked out | Cost, replacement price | Price effective from | Koha item type |
|---|---|---|---|---|---|---|---|---|---|---|---|---|---|---|---|---|---|---|---|---|
| Dewey Decimal Classification | Movies | Wasatch County Library | Wasatch County Library | Audio Visual Area | 10/24/2008 | 14.95 | 140 | 2 | DVD Aut | 34301000783565 | 10/10/2025 | 10/09/2025 | 14.95 | 03/20/2020 | DVD |
